| 000 | 00581nam a2200229Ia 4500 | ||
|---|---|---|---|
| 003 | OSt | ||
| 005 | 20220916111119.0 | ||
| 006 | a|||||r|||| 00| 0 | ||
| 007 | ta | ||
| 008 | 220915b |||||||| |||| 00| 0 eng d | ||
| 024 | _a252403 | ||
| 037 | _cTextbook | ||
| 040 |
_beng _aARTS _cARTS |
||
| 041 | _aeng | ||
| 082 | _aV73:12:M1, K0 | ||
| 100 | _aMiller John C | ||
| 245 | 0 | _aFederalist era 1789-1801 | |
| 260 |
_aNew York _bHarper and Row Publisher |
||
| 650 | _aHISTORY | ||
| 942 |
_hV73:12:M1, K0 _cTB _2CC |
||
| 999 |
_c105815 _d105815 |
||